LEADER 01054nam0-22003491i-450- 001 990006529390403321 005 20071119104612.0 035 $a000652939 035 $aFED01000652939 035 $a(Aleph)000652939FED01 035 $a000652939 100 $a20010426d1982----km-y0itay50------ba 101 0 $aita 105 $ay-------001yy 200 1 $a<>150 ore dell'emarginazione$eoperai e giovani degli anni '70$fA cura di F. Barbano 210 $aMilano$cAngeli$d1982 215 $a301 p.$d22 cm 225 1 $aSaggi e ricerche dell'Istituto di scienze politiche Gioele Solari, Università di Torino$v34 532 11$a<>centocinquanta ore dell' emarginazione 676 $a361.2 702 1$aBarbano,$bFilippo 801 0$aIT$bUNINA$gRICA$2UNIMARC 901 $aBK 912 $a990006529390403321 952 $aCOLLEZ. 409 (34)$b21301$fFSPBC 952 $aXV R 307$fDTE 952 $aXXVII-A-35$b4928$fMAS 959 $aFSPBC 959 $aDTE 959 $aMAS 996 $a150 ore dell'emarginazione$9620275 997 $aUNINA LEADER 01286nam0-22003371i-450- 001 990006425570403321 005 20061019150639.0 010 $a88-85897-92-4 035 $a000642557 035 $aFED01000642557 035 $a(Aleph)000642557FED01 035 $a000642557 100 $a20010111d1999----km-y0itay50------ba 101 0 $aita 105 $aa-------001yy 200 1 $a<>media Valle del Tevere$eriva destra$erepertorio dei dipinti del Quattrocento e Cinquecento$f[a cura di Maria Cecilia Mazzi] 210 $aRoma$cArgos$dc1999 215 $a301 p.$cill.$d24 cm 300 $aIn testa al front.: Regione Lazio. Dipartimento promozione della cultura, spettacolo, turismo e sport. Centro regionale per la documentazione dei beni culturali e ambientali 610 0 $aPITTURE. LAZIO. MEDIA VALLE DEL TEVERE-RIVA DESTRA. 1400-1500 610 0 $aLAZIO. PITTURE. MEDIA VALLE DEL TEVERE-RIVA DESTRA. 1400-1500 676 $a759.563 702 1$aMazzi,$bMaria Cecilia 712 02$aCentro regionale per la documentazione dei beni culturali e ambientali del Lazio 801 0$aIT$bUNINA$gRICA$2UNIMARC 901 $aBK 912 $a990006425570403321 952 $a759.563 MAZ 1$fFLFBC 959 $aFLFBC 996 $aMedia Valle del Tevere$9649717 997 $aUNINA LEADER 02713nam 2200421 450 001 9910819772503321 005 20200520144314.0 010 $a1-944883-75-4 035 $a(CKB)4100000007164224 035 $a(MiAaPQ)EBC5601197 035 $a(Au-PeEL)EBL5601197 035 $a(CaPaEBR)ebr11638454 035 $a(OCoLC)1076807308 035 $a(EXLCZ)994100000007164224 100 $a20181221d2017 uy 0 101 0 $aeng 135 $aurcnu|||||||| 181 $ctxt$2rdacontent 182 $cc$2rdamedia 183 $acr$2rdacarrier 200 10$aVoice science /$fRobert Thayer Sataloff, MD, DMA 205 $aSecond edition. 210 1$aSan Diego, CA :$cPlural Publishing, Inc.,$d[2017] 210 4$d2017 215 $a1 online resource (xix, 347 pages) 300 $aVoice Science is part of a 3-book student edition of selected chapters from the fourth edition of Professional Voice: The Science and Art of Clinical Care. 311 $a1-59756-862-7 320 $aIncludes bibliographical references and index. 327 $aThe physics of sound / Robert Thayer Sataloff -- Formation of the larynx : from hox genes to critical periods / Jeffery T. Laitman, Drew M. Noden, and Thomas R. Van De Water -- Laryngeal embryology and vocal development / David H. Henick and Robert Thayer Sataloff -- Genetics of the voice / Robert Thayer Sataloff and Mary J. Hawkshaw -- Genomics and proteomics in voice / Vidisha Mohad, Susan L. Thibeault, Ritta Ylitalo, and Steven D. Gray -- Clinical anatomy and physiology of the voice / Robert Thayer Sataloff -- Laryngeal neurophysiology / Christy L. Ludlow -- Music and the brain / Thomas Swirsky-Sacchetti, Robert Rider, Michael E. Keesler, and Steven Mandel -- Arytenoid movement / James A. Letson, Jr. and Renny Tatchell -- Vocal fold injury and repair / Sharon S. Tang and Susan L. Thibeault -- Cellular and molecular mechanics of aging in the vocal fold / Ashley P. O'Connell Ferster and Leslie T. Malmgren -- An overview of laryngeal function for voice production / R.J. Baken -- Laryngeal function during phonation / Ronald C. Scherer -- Vocal tract resonance / Johan Sundberg -- Chaos in voice research / Rajeev Bhatia, Robert Thayer Sataloff, and Mary J. Hawkshaw -- Dynamical disorders of voice : a chaotic perspective on vocal irregularities / R.J. Baken -- Exercise physiology : perspective for vocal training / Mary J. Sandage and Matthew Hoch -- Voice and forensics / Harry F. Hollien. 676 $a612.7/8 700 $aSataloff$b Robert Thayer$01086227 801 0$bMiAaPQ 801 1$bMiAaPQ 801 2$bMiAaPQ 906 $aBOOK 912 $a9910819772503321 996 $aVoice science$94026184 997 $aUNINA LEADER 01192cam0-2200361---450 001 990004591990403321 005 20240731104135.0 035 $aFED01000459199 035 $a(Aleph)000459199FED01 035 $a000459199 100 $a19990604d1947----km-y0itay50------ba 101 0 $afre 102 $aFR 105 $ay-------001yy 200 1 $aIntroduction a la lecture de Hegel$eléçons sur la phénoménologie de l'esprit$fAlexandre Kojève$eprofessées de 1933 à 1939 à l'École des Hautes-Études, réunies et publiées par Raymond Queneau 210 $aParis$cGallimard$dc1947 215 $a597 p.$d22 cm 610 0 $aFilosofia 610 0 $aStoria della filosofia 610 0 $aHegel, Georg Wilhelm Friedrich 676 $a193 700 1$aKojève,$bAlexandre$0385816 702 1$aQueneau,$bRaymond$f<1903-1976> 801 0$aIT$bUNINA$gRICA$2UNIMARC 901 $aBK 912 $a990004591990403321 952 $aP.1 8D HEGEL/S 288$bist.fil.t.1499$fFLFBC 952 $aF.D.i. 0283$bF.D.i. 283$fFI1 952 $aDAM A92.13 HEGF/S 086$b2024/5464$fFLFBC 959 $aFI1 959 $aFLFBC 996 $aIntroduction à la lecture de Hegel$938159 997 $aUNINA